Literárne sentencie. Nevyužité myšlienky

Bibliographic Details
Main Author: Kenda, Milan, 1937- (Author)
Format: Article
Language:Slovak
ISSN:1335-180X
Subjects:

MARC

LEADER 00000nab a2200000 a 4500
001 vtls000601084
003 SK-MaSNL
005 20260304094721.0
008 250425c1996 xo 0 slo
015 |a SNBRB19rr/mm-uuuuu 
035 |a CL0601223 
035 |a urn:nbn:sk:snk-ab7e5p 
035 |a (uuid)19f57e03-997c-473e-89fd-330e274aa994 
035 |a (urnnbn)urn:nbn:sk:snk:ar-a07wn8 
035 |a (sysno)vtls000601084 
040 |a SNKBUCL  |b slo  |c SNKBUCL  |e AACR2 
041 0 |a slo 
044 |a xo  |c SK 
080 |a 885.4-84  |2 1981 
100 1 |a Kenda, Milan,  |d 1937-  |4 aut  |9 13417 
245 1 0 |a Literárne sentencie. Nevyužité myšlienky  |c Milan Kenda 
650 0 7 |a sentencie  |2 snkbucl  |9 291520 
655 7 |a články z novín a časopisov  |2 snkbucl  |9 267496 
773 0 |t Literika  |g Roč. 1, č. 2 (1996), s. 84-88  |x 1335-180X 
850 |a Slovenská národná knižnica 
852 |a Slovenská národná knižnica 
954 |a odborná, vedecká literatúra pôvodná (slovenská)  |2 lita 
958 |a article27 
958 |a LX 
958 |a SK 
958 |a RK 
958 |a OND 
958 |a EUIPO 
999 |c 2828585  |d 2830515